[Event "Skalica op-A"]
[Site "Skalica"]
[Date "2023.08.26"]
[Round "8"]
[White "Bango, Lukas"]
[Black "Turcan, Richard"]
[Result "0-1"]
[WhiteElo "2231"]
[BlackElo "2406"]
[PlyCount "84"]
[EventDate "2023.08.19"]
[EventType "swiss"]
[EventRounds "9"]
[EventCountry "SVK"]
[SourceTitle "CBM 215 Extra"]
[Source "ChessBase"]
[SourceDate "2023.09.30"]
[SourceVersion "1"]
[SourceVersionDate "2023.09.30"]
[SourceQuality "1"]

1. Nf3 c5 2. c4 Nc6 3. g3 g6 4. Bg2 Bg7 5. 0-0 d6 6. Nc3 e5 7. d3 Nge7 8. Rb1 0-0 9. a3 a5 10. Ne1 Be6 11. Nd5 Rb8 12. Bd2 b5 13. Nxe7+ Nxe7 14. cxb5 Rxb5 15. b4 axb4 16. axb4 cxb4 17. Qa4 Qb6 18. Rxb4 Rxb4 19. Bxb4 Rb8 20. Nc2 Nd5 21. Bxd5 Bxd5 22. Qa3 Ra8 23. Qc3 Bb7 24. Qb3 Rc8 25. e4 d5 26. exd5 Qb5 27. Na3 Qd7 28. Bd6 Ba6 29. Bb4 e4 30. dxe4 Bxf1 31. Kxf1 Qh3+ 32. Ke2 Rc1 33. Be1 Qg4+ 34. f3 Qh3 35. Nc2 Qg2+ 36. Bf2 Qf1+ 37. Ke3 Qd1 38. Qb8+ Bf8 39. Nd4 Rc3+ 40. Kf4 Qd2+ 41. Ke5 Qg5+ 42. Nf5 gxf5 0-1

[Event "Skalica op-A"]
[Site "Skalica"]
[Date "2023.08.22"]
[Round "4"]
[White "Schloffer, Jasmin Denise"]
[Black "Bango, Lukas"]
[Result "1-0"]
[WhiteElo "2084"]
[BlackElo "2231"]
[PlyCount "125"]
[EventDate "2023.08.19"]
[EventType "swiss"]
[EventRounds "9"]
[EventCountry "SVK"]
[SourceTitle "CBM 215 Extra"]
[Source "ChessBase"]
[SourceDate "2023.09.30"]
[SourceVersion "1"]
[SourceVersionDate "2023.09.30"]
[SourceQuality "1"]

1. d4 d5 2. c4 e6 3. Nc3 c5 4. cxd5 exd5 5. Nf3 Nf6 6. g3 Nc6 7. Bg2 Be7 8. 0-0 0-0 9. Bg5 c4 10. Ne5 Be6 11. Re1 h6 12. Nxc6 bxc6 13. Bf4 Qb6 14. Rb1 Bf5 15. e4 dxe4 16. Nxe4 Rfe8 17. Qc2 Qa5 18. Bd2 Bxe4 19. Bxe4 Qa6 20. Bg2 Rad8 21. Bc3 Nd5 22. Ra1 Bf6 23. Qf5 g6 24. Rxe8+ Rxe8 25. Qd7 Rd8 26. Qg4 Kg7 27. h4 h5 28. Qe2 Rd6 29. Bf1 Nb6 30. b3 Qc8 31. bxc4 Na4 32. Bb4 Rxd4 33. Re1 Qf5 34. Qe8 c5 35. Qxa4 cxb4 36. Qxb4 a5 37. Qb1 Qd7 38. Qb5 Qc7 39. c5 Rd5 40. Rc1 Bd4 41. Qb3 Rf5 42. Rc2 Bxc5 43. Bh3 Re5 44. Qc3 Kh7 45. Kh2 Qe7 46. Bg2 Rf5 47. Bf3 Bd6 48. Kg2 Be5 49. Qd3 Kg7 50. Re2 Qf6 51. Be4 Bd4 52. Bxf5 gxf5 53. Qf3 Kg6 54. Rc2 Qe5 55. Re2 Qc5 56. Re8 Bf6 57. Ra8 Qb5 58. Ra7 Bd8 59. Qb7 Qe8 60. Qd7 Qxd7 61. Rxd7 Bf6 62. Rd6 f4 63. Ra6 1-0

[Event "SVK-chB op"]
[Site "Bratislava"]
[Date "2023.07.09"]
[Round "9"]
[White "Bango, Lukas"]
[Black "Stevik, Patrik1111"]
[Result "1-0"]
[WhiteElo "2198"]
[BlackElo "2234"]
[PlyCount "107"]
[EventDate "2023.07.01"]
[EventType "swiss"]
[EventRounds "9"]
[EventCountry "SVK"]
[SourceTitle "CBM 215 Extra"]
[Source "ChessBase"]
[SourceDate "2023.09.30"]
[SourceVersion "1"]
[SourceVersionDate "2023.09.30"]
[SourceQuality "1"]

1. Nf3 g6 2. g3 Bg7 3. d4 Nf6 4. Bg2 d5 5. 0-0 0-0 6. c4 c6 7. Nc3 dxc4 8. a4 Na6 9. e4 Qa5 10. Qe2 b5 11. Ne5 Bb7 12. Bd2 Qd8 13. Nxc6 Bxc6 14. axb5 Nb4 15. Qxc4 Nc2 16. bxc6 Qxd4 17. Qxd4 Nxd4 18. e5 Ng4 19. c7 Rac8 20. Nd5 Rfe8 21. Rxa7 Bxe5 22. Re1 Bd6 23. Bf4 Bc5 24. Ra5 Nb3 25. Rxc5 Nxc5 26. Bh3 f5 27. Bxg4 Kf7 28. Be2 e5 29. Bc4 exf4 30. Nb6+ Kg7 31. Rxe8 Rxc7 32. Nd5 Rb7 33. b4 Ne4 34. Ba6 Rd7 35. Nxf4 Rd1+ 36. Kg2 g5 37. Nd3 g4 38. Nc5 Nc3 39. Re3 Rc1 40. Nb3 Rc2 41. Nd4 Rc1 42. Nxf5+ Kf6 43. Nd4 Nd5 44. Re6+ Kg7 45. Be2 Nxb4 46. Bxg4 Nd3 47. Bf5 Nb4 48. Re7+ Kf6 49. Rxh7 Ke5 50. Rh4 Nd5 51. Re4+ Kf6 52. Re6+ Kg7 53. Rd6 Ne7 54. g4 1-0

[Event "SVK-chB op"]
[Site "Bratislava"]
[Date "2023.07.08"]
[Round "8"]
[White "Bango, Lukas"]
[Black "Sucikova, Svetlana"]
[Result "1-0"]
[WhiteElo "2198"]
[BlackElo "2214"]
[PlyCount "67"]
[EventDate "2023.07.01"]
[EventType "swiss"]
[EventRounds "9"]
[EventCountry "SVK"]
[SourceTitle "CBM 215 Extra"]
[Source "ChessBase"]
[SourceDate "2023.09.30"]
[SourceVersion "1"]
[SourceVersionDate "2023.09.30"]
[SourceQuality "1"]

1. Nf3 d5 2. d4 Nf6 3. g3 c6 4. Bg2 Bf5 5. 0-0 e6 6. c4 dxc4 7. Ne5 Be7 8. Nc3 Nbd7 9. e4 Bg6 10. Nxc4 b5 11. e5 Nd5 12. Nxd5 cxd5 13. Ne3 Nb6 14. Qe2 Qd7 15. b3 0-0 16. Bb2 Rac8 17. f4 Rc7 18. Bh3 Be4 19. f5 exf5 20. Bxf5 Bxf5 21. Nxf5 g6 22. e6 fxe6 23. Nh6+ Kg7 24. Ng4 Bd6 25. Qe3 Rf5 26. Rae1 Rxf1+ 27. Rxf1 Qe8 28. Ba3 b4 29. Bxb4 Rf7 30. Rxf7+ Qxf7 31. Bxd6 h5 32. Qh6+ Kg8 33. Be5 hxg4 34. Qh8# 1-0

[Event "SVK-chB op"]
[Site "Bratislava"]
[Date "2023.07.06"]
[Round "6"]
[White "Bango, Lukas"]
[Black "Vadila, Ondrej"]
[Result "1-0"]
[WhiteElo "2198"]
[BlackElo "2167"]
[PlyCount "91"]
[EventDate "2023.07.01"]
[EventType "swiss"]
[EventRounds "9"]
[EventCountry "SVK"]
[SourceTitle "CBM 215 Extra"]
[Source "ChessBase"]
[SourceDate "2023.09.30"]
[SourceVersion "1"]
[SourceVersionDate "2023.09.30"]
[SourceQuality "1"]

1. Nf3 Nf6 2. g3 g6 3. Bg2 Bg7 4. 0-0 0-0 5. d4 d6 6. b3 c5 7. Bb2 Nc6 8. c4 a6 9. Nc3 Bf5 10. dxc5 Ne4 11. Qc1 dxc5 12. Rd1 Nxc3 13. Bxc3 Qc7 14. Bxg7 Kxg7 15. Nh4 Be6 16. Qb2+ Kg8 17. Bd5 Bxd5 18. cxd5 Nd4 19. e3 Nb5 20. Rac1 Rac8 21. Nf3 Nd6 22. Ne5 f6 23. Nd3 Qa5 24. Qe2 Qb6 25. Nf4 Rfd8 26. h4 Nf7 27. e4 Qd6 28. a4 Rd7 29. Kg2 Qb6 30. Qe3 Qb4 31. Rc4 Qa3 32. Ne6 b6 33. Qc3 b5 34. Rxc5 Rxc5 35. Qxc5 Qxc5 36. Nxc5 Ra7 37. Ra1 b4 38. a5 Nd8 39. Ra4 Nb7 40. Nd3 Nd6 41. Rxb4 Rc7 42. Nf4 Kf7 43. Ne6 Rc3 44. Rb8 Nc8 45. b4 f5 46. e5 1-0

[Event "SVK-ch Amateurs"]
[Site "Liptovsky Jan"]
[Date "2023.06.18"]
[Round "8"]
[White "Bango, Lukas"]
[Black "Bombek, Peter"]
[Result "1-0"]
[WhiteElo "2198"]
[BlackElo "2101"]
[PlyCount "73"]
[EventDate "2023.06.15"]
[EventType "swiss"]
[EventRounds "8"]
[EventCountry "SVK"]
[SourceTitle "CBM 214 Extra"]
[Source "ChessBase"]
[SourceDate "2023.07.31"]
[SourceVersion "1"]
[SourceVersionDate "2023.07.31"]
[SourceQuality "1"]

1. Nf3 d5 2. g3 c5 3. Bg2 Nc6 4. d4 Nf6 5. 0-0 e6 6. c4 dxc4 7. Qa4 Bd7 8. Qxc4 b5 9. Qd3 c4 10. Qd1 Rc8 11. Bg5 Be7 12. a3 0-0 13. Nc3 Qb6 14. e4 h6 15. Bxf6 Bxf6 16. e5 Be7 17. d5 exd5 18. Nxd5 Qd8 19. Qe2 Be6 20. Nf4 Bg4 21. Rad1 Qb6 22. Qe4 Bxf3 23. Bxf3 Nd8 24. Nd5 Qc5 25. b4 cxb3 26. Rc1 Qxc1 27. Nxe7+ Kh8 28. Qf5 Qg5 29. Qxg5 hxg5 30. Nxc8 Nc6 31. Bxc6 Rxc8 32. Bd5 b2 33. Bxf7 Rc1 34. Ba2 Kh7 35. e6 Kg6 36. e7 Rc8 37. Re1 1-0

[Event "SVK-ch Amateurs"]
[Site "Liptovsky Jan"]
[Date "2023.06.18"]
[Round "7"]
[White "Zrost, Rudolf"]
[Black "Bango, Lukas"]
[Result "0-1"]
[WhiteElo "1941"]
[BlackElo "2198"]
[PlyCount "54"]
[EventDate "2023.06.15"]
[EventType "swiss"]
[EventRounds "8"]
[EventCountry "SVK"]
[SourceTitle "CBM 214 Extra"]
[Source "ChessBase"]
[SourceDate "2023.07.31"]
[SourceVersion "1"]
[SourceVersionDate "2023.07.31"]
[SourceQuality "1"]

1. d4 Nf6 2. c4 e6 3. Nc3 d5 4. Nf3 c5 5. cxd5 exd5 6. g3 Be7 7. Bg2 0-0 8. 0-0 cxd4 9. Nxd4 Nc6 10. h3 h6 11. Be3 Be6 12. f4 Re8 13. Bf2 Qa5 14. Nxe6 fxe6 15. f5 Bb4 16. Qd3 Bxc3 17. bxc3 e5 18. Rab1 e4 19. Qd2 Re7 20. Be3 Rd8 21. Bxh6 gxh6 22. Qxh6 Qxc3 23. Rf4 Rh7 24. Rg4+ Nxg4 25. Qe6+ Kh8 26. hxg4 Qd4+ 27. Kf1 Qe5 0-1

[Event "SVK-ch Amateurs"]
[Site "Liptovsky Jan"]
[Date "2023.06.17"]
[Round "6"]
[White "Bango, Lukas"]
[Black "Hoang, Jakub"]
[Result "1-0"]
[WhiteElo "2198"]
[BlackElo "1231"]
[PlyCount "57"]
[EventDate "2023.06.15"]
[EventType "swiss"]
[EventRounds "8"]
[EventCountry "SVK"]
[SourceTitle "CBM 214 Extra"]
[Source "ChessBase"]
[SourceDate "2023.07.31"]
[SourceVersion "1"]
[SourceVersionDate "2023.07.31"]
[SourceQuality "1"]

1. Nf3 d6 2. d4 Nf6 3. g3 g6 4. Bg2 Bg7 5. 0-0 0-0 6. c4 Nbd7 7. Nc3 c6 8. e4 e5 9. b3 Re8 10. Bb2 exd4 11. Nxd4 Nc5 12. Re1 Qc7 13. h3 Ne6 14. Nc2 b6 15. Qd2 Bb7 16. Rad1 Rad8 17. Ne3 Nc5 18. Ng4 Nxg4 19. hxg4 Re7 20. b4 Ne6 21. f4 h6 22. Qf2 Ba6 23. f5 Ng5 24. f6 Bxf6 25. Qxf6 Re6 26. Nd5 Rxf6 27. Nxc7 Bxc4 28. Bxf6 Rd7 29. Ne8 1-0

[Event "SVK-chT1W 2223"]
[Site "Slovakia"]
[Date "2023.03.11"]
[Round "10.5"]
[White "Bango, Lukas"]
[Black "Meszaros, Casey Ryan"]
[Result "1-0"]
[WhiteElo "2187"]
[BlackElo "1797"]
[PlyCount "57"]
[EventDate "2022.10.15"]
[EventType "team-tourn"]
[EventRounds "11"]
[EventCountry "SVK"]
[SourceTitle "EXT 2024"]
[Source "ChessBase"]
[SourceDate "2023.10.10"]
[SourceVersion "1"]
[SourceVersionDate "2023.10.10"]
[SourceQuality "1"]
[WhiteTeam "Trnava Sered"]
[BlackTeam "Bratislava KSN"]
[WhiteTeamCountry "SVK"]
[BlackTeamCountry "SVK"]

1. Nf3 e6 2. g3 f5 3. Bg2 Nf6 4. d4 d6 5. c4 Be7 6. Nc3 0-0 7. Qc2 c6 8. e4 fxe4 9. Nxe4 Nxe4 10. Qxe4 d5 11. Qe2 Bb4+ 12. Bd2 Bxd2+ 13. Nxd2 Qf6 14. Nf3 Nd7 15. 0-0 dxc4 16. Qxc4 Nb6 17. Qb3 Nd5 18. Rae1 b6 19. Ne5 Ba6 20. Nd7 Qxd4 21. Rd1 Qc4 22. Qa3 Rfd8 23. Ne5 Qb5 24. Rfe1 Bb7 25. Bh3 Re8 26. Qd6 Bc8 27. Nxc6 Qc4 28. Rxd5 Qxd5 29. Qxd5 1-0

[Event "SVK-chT2A 2223"]
[Site "Slovakia"]
[Date "2023.02.12"]
[Round "9.1"]
[White "Bango, Lukas"]
[Black "Bochnicka, Vladimir1111"]
[Result "0-1"]
[WhiteElo "2187"]
[BlackElo "2339"]
[PlyCount "94"]
[EventDate "2022.10.08"]
[EventType "team-tourn"]
[EventRounds "11"]
[EventCountry "SVK"]
[SourceTitle "EXT 2024"]
[Source "ChessBase"]
[SourceDate "2023.10.10"]
[SourceVersion "1"]
[SourceVersionDate "2023.10.10"]
[SourceQuality "1"]
[WhiteTeam "Modranka Komplet"]
[BlackTeam "Bratislava Doprastav II"]
[WhiteTeamCountry "SVK"]
[BlackTeamCountry "SVK"]

1. Nf3 c5 2. g3 Nc6 3. Bg2 g6 4. e4 Bg7 5. Nc3 d6 6. d3 e6 7. h4 h5 8. 0-0 Nge7 9. Be3 Nd4 10. Qd2 Nec6 11. Nh2 0-0 12. Nd1 e5 13. c3 Ne6 14. f4 exf4 15. gxf4 f5 16. Nf3 Bh6 17. Ng5 Nxg5 18. fxg5 Bg7 19. Nf2 Kh7 20. Nh3 fxe4 21. Nf4 Bf5 22. dxe4 Bg4 23. Rf2 Qd7 24. Raf1 Ne5 25. Nd5 Rxf2 26. Rxf2 Be6 27. Nf6+ Bxf6 28. Rxf6 Rd8 29. Qe2 Bxa2 30. Bf4 Kg7 31. Bxe5 dxe5 32. Qf2 Qe7 33. b4 Bc4 34. bxc5 a5 35. c6 a4 36. Qb6 bxc6 37. Qxc6 Qa7+ 38. Kh2 Bf7 39. Rf1 Rd2 40. Qf6+ Kg8 41. Rb1 a3 42. Qxe5 Rb2 43. Ra1 Qf2 44. Qg3 Qxg3+ 45. Kxg3 a2 46. c4 Bxc4 47. Bf1 Bxf1 0-1

[Event "SVK-chT2A 2223"]
[Site "Slovakia"]
[Date "2022.11.12"]
[Round "3.2"]
[White "Vadila, Ondrej"]
[Black "Bango, Lukas"]
[Result "0-1"]
[WhiteElo "2168"]
[BlackElo "2180"]
[PlyCount "60"]
[EventDate "2022.10.08"]
[EventType "team-tourn"]
[EventRounds "11"]
[EventCountry "SVK"]
[SourceTitle "EXT 2024"]
[Source "ChessBase"]
[SourceDate "2023.10.10"]
[SourceVersion "1"]
[SourceVersionDate "2023.10.10"]
[SourceQuality "1"]
[WhiteTeam "Bratislava Slovan IV"]
[BlackTeam "Modranka Komplet"]
[WhiteTeamCountry "SVK"]
[BlackTeamCountry "SVK"]

1. d4 c5 2. c3 Nf6 3. Nf3 e6 4. Bf4 cxd4 5. cxd4 Bb4+ 6. Nbd2 0-0 7. a3 Ba5 8. b4 Bc7 9. Bg5 h6 10. Bh4 d5 11. e3 Nbd7 12. Rc1 Bd6 13. Bd3 a5 14. Qb3 axb4 15. axb4 Qe7 16. Rb1 e5 17. dxe5 Nxe5 18. Nxe5 Qxe5 19. Nf3 Qh5 20. Bxf6 gxf6 21. Bc2 Re8 22. Nd4 Bd7 23. Qd3 Kf8 24. g3 Qh3 25. Qh7 Ra3 26. Bf5 Qg2 27. Qxh6+ Ke7 28. Rf1 Be5 29. Bxd7 Bxd4 30. Bb5 Qf3 0-1

[Event "SVK-chT2A 2122"]
[Site "Slovakia"]
[Date "2022.02.12"]
[Round "7.5"]
[White "Bugar, Peter"]
[Black "Bango, Lukas"]
[Result "0-1"]
[WhiteElo "1978"]
[BlackElo "2169"]
[PlyCount "46"]
[EventDate "2021.10.16"]
[EventType "team-tourn"]
[EventRounds "11"]
[EventCountry "SVK"]
[SourceTitle "EXT 2023"]
[Source "ChessBase"]
[SourceDate "2022.10.05"]
[SourceVersion "1"]
[SourceVersionDate "2022.10.05"]
[SourceQuality "1"]
[WhiteTeam "Dunajska Streda II"]
[BlackTeam "Trnava Sered"]
[WhiteTeamCountry "SVK"]
[BlackTeamCountry "SVK"]

1. c4 Nf6 2. Nc3 e5 3. e4 Bb4 4. Nge2 0-0 5. g3 d6 6. Bg2 c6 7. 0-0 Be6 8. d3 d5 9. cxd5 cxd5 10. d4 exd4 11. Nxd5 Nxd5 12. exd5 Bxd5 13. Bxd5 Qxd5 14. Qxd4 Qb5 15. Nc3 Bxc3 16. Qxc3 Nd7 17. b3 Rac8 18. Qd4 Ne5 19. f4 Nc6 20. Qf2 Rfe8 21. Re1 Rxe1+ 22. Qxe1 Nd4 23. Qd1 Qd5 0-1

[Event "SVK-chT3A2 2122"]
[Site "Slovakia"]
[Date "2021.11.07"]
[Round "3.1"]
[White "Malar, Pavol"]
[Black "Bango, Lukas"]
[Result "0-1"]
[WhiteElo "2068"]
[BlackElo "2172"]
[PlyCount "112"]
[EventDate "2021.10.10"]
[EventType "team-tourn"]
[EventRounds "11"]
[EventCountry "SVK"]
[SourceTitle "EXT 2023"]
[Source "ChessBase"]
[SourceDate "2022.10.05"]
[SourceVersion "1"]
[SourceVersionDate "2022.10.05"]
[SourceQuality "1"]
[WhiteTeam "Hlohovec"]
[BlackTeam "Modranka Komplet"]
[WhiteTeamCountry "SVK"]
[BlackTeamCountry "SVK"]

1. e4 c5 2. Nf3 Nc6 3. Bb5 g6 4. 0-0 Bg7 5. c3 Nf6 6. Re1 0-0 7. d3 a6 8. Ba4 b5 9. Bc2 e5 10. Bg5 h6 11. Be3 d6 12. h3 Bb7 13. Nbd2 Nh5 14. Nf1 Nf4 15. d4 cxd4 16. cxd4 Qf6 17. d5 Nd4 18. Nxd4 exd4 19. Bxf4 Qxf4 20. Qg4 Qxg4 21. hxg4 d3 22. Bxd3 Bxb2 23. Rab1 Bc3 24. Rec1 Rfc8 25. Rc2 Kg7 26. Nd2 Kf6 27. a4 Ba5 28. Rxc8 Rxc8 29. Nb3 Bc3 30. axb5 a5 31. Kf1 Ke5 32. g3 f5 33. f4+ Kf6 34. gxf5 gxf5 35. Ke2 a4 36. Nc1 a3 37. Na2 Bb2 38. Rh1 Kg7 39. Rd1 Rc5 40. b6 fxe4 41. Bxe4 Rb5 42. Kd3 Rxb6 43. Kc2 Rb5 44. Rd2 Bf6 45. Kc1 Rb3 46. Rc2 Bb2+ 47. Kd2 Bd4 48. Nc1 Be3+ 49. Kd1 Rb4 50. Rc7+ Kf6 51. Na2 Rxe4 52. Rxb7 Bc5 53. Nc3 Re3 54. Kd2 Kf5 55. Rg7 Bd4 56. g4+ Kxf4 0-1

[Event "SVK-ch Amateur"]
[Site "Topolcany"]
[Date "2020.07.10"]
[Round "1"]
[White "Marsina, Stefan"]
[Black "Bango, Lukas"]
[Result "0-1"]
[WhiteElo "1854"]
[BlackElo "2153"]
[PlyCount "40"]
[EventDate "2020.07.10"]
[EventType "swiss"]
[EventRounds "7"]
[EventCountry "SVK"]
[SourceTitle "EXT 2021"]
[Source "ChessBase"]
[SourceDate "2020.10.23"]
[SourceVersion "1"]
[SourceVersionDate "2020.10.23"]
[SourceQuality "1"]

1. d4 Nf6 2. Nf3 e6 3. c4 c5 4. Nc3 cxd4 5. Nxd4 Bb4 6. Bd2 Nc6 7. e3 0-0 8. Nxc6 bxc6 9. Bd3 d5 10. a3 Bd6 11. Ne2 e5 12. Rc1 e4 13. Bb1 Ng4 14. cxd5 cxd5 15. Nf4 Bxf4 16. exf4 Qh4 17. g3 Qh3 18. Qe2 Nxh2 19. Bxe4 dxe4 20. Qxe4 Bg4 0-1